[Event "Mechanics' Shipman TNM; G/2 d/5"]
[Site "San Francisco"]
[Date "2018.08.07"]
[Round "1.33"]
[White "Matz, James I"]
[Black "Bryan, Robert R"]
[Result "1-0"]
[WhiteElo "1654"]
[BlackElo "336"]
[PlyCount "47"]
[EventDate "2018.??.??"]
[Source "ChessBase"]
[SourceDate "2007.09.04"]

1. Nf3 d5 2. g3 Nf6 3. Bg2 Nc6 4. d3 Bf5 5. O-O e6 6. c3 Bd6 7. Nh4 O-O 8. Nxf5
exf5 9. Bg5 Qe7 10. Bxf6 Qxf6 11. Bxd5 Ne7 12. Bg2 Rad8 13. Nd2 c5 14. e3 b5
15. Nb3 Bc7 16. Qc2 Rfe8 17. Nxc5 b4 18. c4 a5 19. Rad1 a4 20. Nxa4 Rd6 21. Nc5
Nc6 22. Qa4 h5 23. Nb7 Rde6 24. d4 1-0

[Event "Mechanics' Shipman TNM; G/2 d/5"]
[Site "San Francisco"]
[Date "2018.09.25"]
[Round "8.22"]
[White "Matz, James I"]
[Black "Chan, John"]
[Result "0-1"]
[WhiteElo "1654"]
[BlackElo "1510"]
[PlyCount "92"]
[EventDate "2018.??.??"]
[Source "ChessBase"]
[SourceDate "2007.09.04"]

1. Nf3 d5 2. g3 Nc6 3. d4 h6 4. Bg2 Nf6 5. O-O Bf5 6. c4 e6 7. cxd5 exd5 8. a3
Be7 9. Nc3 O-O 10. Bf4 a6 11. Ne5 g5 12. Nxc6 bxc6 13. Bd2 Qd7 14. f4 g4 15.
Rc1 Rfe8 16. Re1 Rab8 17. e4 dxe4 18. Be3 Rxb2 19. Na4 Rbb8 20. Nc5 Bxc5 21.
Rxc5 Nd5 22. Bc1 Rb6 23. Qc2 Qd6 24. Bf1 Qf6 25. Qc4 Kg7 26. Bd2 Re6 27. Ba5
Rb5 28. a4 Rxc5 29. dxc5 Kh7 30. Bg2 Qe7 31. Qxa6 Qxc5+ 32. Kh1 Bg6 33. f5 Bxf5
34. Qf1 Kg6 35. Bd2 Qd4 36. Re2 Qxa4 37. Rf2 Ne7 38. Qc1 Kh7 39. Bxh6 Rxh6 40.
Qc5 Qd1+ 41. Rf1 Qd6 42. Rxf5 Nxf5 43. Qxf5+ Qg6 44. Qf4 f5 45. Bf1 Qf7 46. Bg2
Rf6 0-1

[Event "Mechanics' Summer TNM; G/2 d/5"]
[Site "San Francisco"]
[Date "2018.06.17"]
[Round "8.12"]
[White "Matz, James I"]
[Black "Davila, Carlos"]
[Result "0-1"]
[WhiteElo "1742"]
[BlackElo "2128"]
[PlyCount "24"]
[EventDate "2018.??.??"]
[Source "ChessBase"]
[SourceDate "2007.09.04"]

1. Nf3 Nf6 2. g3 b6 3. Bg2 Bb7 4. O-O e6 5. c4 c5 6. Nc3 Be7 7. d3 O-O 8. Bf4
d5 9. Nb5 dxc4 10. Nc7 cxd3 11. Nxa8 dxe2 12. Qxe2 Bxa8 {
Score unreadable, Black won.} 0-1

[Event "Mechanics' Summer TNM; G/2 d/5"]
[Site "San Francisco"]
[Date "2018.06.19"]
[Round "4.43"]
[White "Matz, James I"]
[Black "Enkhjargal, Gabriel"]
[Result "1-0"]
[WhiteElo "1742"]
[BlackElo "954"]
[PlyCount "47"]
[EventDate "2018.??.??"]
[Source "ChessBase"]
[SourceDate "2007.09.04"]

1. Nf3 Nc6 2. g3 e5 3. e4 Nf6 4. d3 d5 5. Nbd2 dxe4 6. dxe4 Bg4 7. c3 Bc5 8.
Qc2 O-O 9. Bg2 Qd7 10. h3 Be6 11. Ng5 Rfe8 12. Nxe6 Rxe6 13. O-O Rd8 14. Nb3
Bb6 15. Bg5 Qd3 16. Qxd3 Rxd3 17. Rad1 Rxd1 18. Rxd1 h6 19. Bc1 Ne7 20. c4 Ng6
21. c5 Ba5 22. Nxa5 Ra6 23. b4 b6 24. Bf1 1-0

[Event "Mechanics' Bedjanian TNM; G/2 d/5"]
[Site "San Francisco"]
[Date "2018.11.13"]
[Round "4.19"]
[White "Matz, James I"]
[Black "Mines, Joshua"]
[Result "0-1"]
[WhiteElo "1630"]
[BlackElo "1588"]
[PlyCount "60"]
[EventDate "2018.??.??"]
[Source "ChessBase"]
[SourceDate "2007.09.04"]

1. Nf3 d5 2. g3 Nf6 3. Bg2 Bf5 4. d3 h6 5. Nbd2 e6 6. O-O Be7 7. Ne5 c6 8. e4
Bh7 9. Qe2 O-O 10. Kh1 Qc7 11. f4 Nbd7 12. Nxd7 Qxd7 13. e5 Ne8 14. Nf3 b5 15.
Be3 a5 16. Bh3 c5 17. Qf2 d4 18. Bd2 Nc7 19. g4 Rfd8 20. g5 hxg5 21. fxg5 c4 {
[#]} 22. Nxd4 $4 Bc5 23. Be3 cxd3 24. c3 Bg6 25. Bg2 Ra6 26. Qh4 Nd5 27. Bd2 b4
28. Be4 Ne7 29. Bxg6 Nxg6 30. Nf3 $4 Nxh4 0-1

[Event "Mechanics' Summer TNM; G/2 d/5"]
[Site "San Francisco"]
[Date "2018.07.03"]
[Round "6.22"]
[White "Matz, James I"]
[Black "Sayers, Jack"]
[Result "1-0"]
[WhiteElo "1742"]
[BlackElo "1125"]
[PlyCount "21"]
[EventDate "2018.??.??"]
[Source "ChessBase"]
[SourceDate "2007.09.04"]

1. Nf3 d5 2. g3 e6 3. Bg2 c6 4. d3 f5 5. Nbd2 Nf6 6. Ne5 Bd6 7. Ndf3 Nbd7 8. d4
O-O 9. Bf4 h6 $2 {Diagram [#]} 10. Nxc6 $1 bxc6 11. Bxd6 {
White went on to win. Remaining moves on both scoresheets do not play out.} 1-0

[Event "Mechanics' Bedjanian TNM; G/2 d/5"]
[Site "San Francisco"]
[Date "2018.10.30"]
[Round "2.13"]
[White "Matz, James I"]
[Black "Steger, Eric"]
[Result "0-1"]
[WhiteElo "1630"]
[BlackElo "1963"]
[PlyCount "40"]
[EventDate "2018.??.??"]
[Source "ChessBase"]
[SourceDate "2007.09.04"]

1. Nf3 Nf6 2. g3 g6 3. Bg2 Bg7 4. d3 d5 5. Nbd2 O-O 6. O-O c5 7. e4 e6 8. Re1
Nc6 9. Nb3 dxe4 10. dxe4 Qxd1 11. Rxd1 c4 12. Nbd4 Nxe4 13. Nxc6 bxc6 14. Ng5
Nxg5 15. Bxg5 Rb8 16. Bxc6 Bb7 17. Bd7 Bf3 18. Re1 Rb7 19. Re3 Bd5 20. Ba4 f6
0-1

[Event "Mechanics' Bedjanian TNM; G/2 d/5"]
[Site "San Francisco"]
[Date "2018.12.11"]
[Round "8.22"]
[White "Mays, Jerry L"]
[Black "Adams, Sophie"]
[Result "1-0"]
[WhiteElo "1700"]
[BlackElo "1403"]
[PlyCount "88"]
[EventDate "2018.??.??"]
[Source "ChessBase"]
[SourceDate "2007.09.04"]

1. e4 e5 2. Nf3 Nc6 3. Bb5 a6 4. Ba4 d6 5. O-O Bd7 6. c3 Be7 7. d4 Nf6 8. Re1
O-O 9. Bb3 h6 10. Be3 Re8 (10... Nxe4) 11. d5 Na5 12. Bc2 Nc4 13. Bc1 c6 14. b3
Nb6 15. c4 cxd5 16. exd5 Rc8 17. Nc3 Bg4 18. h3 Bh5 19. Bf5 Nbd7 20. Ne4 Rc7
21. g4 Bg6 22. Bxg6 fxg6 23. Qc2 Nxe4 24. Qxe4 g5 25. Bb2 Nc5 26. Qe3 Rf8 27.
Bc3 Bf6 28. Ba5 e4 29. Bxc7 Qxc7 30. Nd4 Bxd4 31. Qxd4 Nd3 32. Qxe4 Nxe1 33.
Rxe1 Qc5 34. Re3 Qa3 35. Qe6+ Kh7 36. Qe7 Rg8 37. Re2 Qb4 38. Qe4+ Kh8 39. Qg6
b5 40. h4 Qc3 41. hxg5 Qc1+ 42. Kg2 Qxg5 43. Qxg5 hxg5 44. Re6 Rd8 1-0

[Event "Mechanics' Spring TNM; G/2 d5"]
[Site "San Francisco"]
[Date "2018.03.27"]
[Round "2.12"]
[White "Mays, Jerry L"]
[Black "Askin, David"]
[Result "0-1"]
[WhiteElo "1700"]
[BlackElo "1936"]
[PlyCount "69"]
[EventDate "2018.??.??"]
[Source "ChessBase"]
[SourceDate "2007.09.04"]

1. e4 c6 2. c4 d5 3. exd5 cxd5 4. cxd5 Nf6 5. Nc3 g6 6. Bc4 Bg7 7. d4 O-O 8.
Nge2 Nbd7 9. O-O Nb6 10. Qb3 Bf5 11. Ng3 Rc8 12. Nxf5 Rxc4 13. Nxg7 Kxg7 14. a4
Nfxd5 15. a5 Rb4 16. Qd1 Nc8 17. Qd2 Nxc3 18. bxc3 Rc4 19. h4 Qd5 20. g4 Qf3
21. Qf4 Rxc3 22. d5 Qxf4 23. Bxf4 Rc4 24. Bg3 Rxg4 25. Kg2 Nd6 26. Kh3 Rb4 27.
Rfe1 Nf5 28. Rab1 Ra4 29. Rxb7 Rxa5 30. Bb8 a6 31. Be5+ Kg8 32. Rd7 Ra3+ 33.
Bg3 Rc8 34. Kg2 Rd3 35. Re5 0-1

[Event "Mechanics' Bedjanian TNM; G/2 d/5"]
[Site "San Francisco"]
[Date "2018.11.13"]
[Round "4.26"]
[White "Mays, Jerry L"]
[Black "Baer, Michael A"]
[Result "1-0"]
[WhiteElo "1700"]
[BlackElo "1457"]
[PlyCount "93"]
[EventDate "2018.??.??"]
[Source "ChessBase"]
[SourceDate "2007.09.04"]

1. e4 e5 2. Nf3 Nc6 3. Bb5 a6 4. Ba4 Nf6 5. O-O Be7 6. Re1 b5 7. Bb3 d6 8. c3
O-O 9. d4 Bg4 10. d5 Nb8 11. a4 Nbd7 12. Bc2 Nc5 13. b4 Ncd7 14. axb5 axb5 15.
Rxa8 Qxa8 16. Na3 c6 17. dxc6 Qxc6 18. Qd3 Rb8 19. Bb3 Nf8 20. Ng5 Ne6 21. h3
Nxg5 22. Bxg5 Bd7 23. c4 bxc4 24. Bxc4 Rxb4 25. Rc1 Qb6 26. Be3 Qb7 27. Bd2 Ra4
28. Rb1 Qa8 29. Bb4 Qf8 30. f3 h6 31. Qb3 Ra8 32. Nb5 Ne8 33. Rd1 Bxb5 34. Bxb5
Rb8 35. Qc4 Nf6 36. Ba6 Nd7 37. Rc1 Qd8 38. Kh2 Bf8 39. Bb5 Nb6 40. Qb3 Rc8 41.
Ra1 Rc7 42. Ra6 Qb8 43. Ba5 Rb7 44. Bc6 Nd7 45. Qxb7 Qxb7 46. Bxb7 Nc5 47. Rb6
1-0

[Event "Mechanics' Shipman TNM; G/2 d/5"]
[Site "San Francisco"]
[Date "2018.08.14"]
[Round "2.22"]
[White "Mays, Jerry L"]
[Black "Baer, Michael Alan"]
[Result "0-1"]
[WhiteElo "1725"]
[BlackElo "1438"]
[PlyCount "116"]
[EventDate "2018.??.??"]
[Source "ChessBase"]
[SourceDate "2007.09.04"]

1. e4 g6 2. g3 Bg7 3. Bg2 d6 4. d4 c6 5. Nf3 Nd7 6. O-O e5 7. Nc3 Qc7 8. d5
Ngf6 9. Bg5 O-O 10. Qd2 Nc5 11. Rfe1 Bd7 12. b4 Na6 13. a3 b5 14. Qd3 h6 15.
Bxf6 Bxf6 16. Rad1 Rad8 17. dxc6 Bxc6 18. Nxb5 Bxb5 19. Qxb5 Nb8 20. Qd3 Be7
21. Rd2 Rc8 22. Bh3 Rcd8 23. c4 h5 24. Kg2 g5 25. g4 h4 26. Qe3 f6 27. Qd3 Kg7
28. Qd5 Nd7 29. Rc1 Nb6 30. Qe6 Rfe8 31. Nxh4 gxh4 32. g5 fxg5 33. c5 dxc5 34.
Rxd8 Bxd8 35. Qg4 c4 36. Qf3 Rf8 37. Bf5 Qf7 38. Rd1 Bf6 39. Rd6 Rd8 40. Rc6
Rd3 41. Qe2 Rxa3 42. Qc2 Qb7 43. Rd6 Qc7 44. Qd1 c3 45. Rxf6 Kxf6 46. Qh5 Qg7
47. Qd1 Nc4 48. Qd5 Qf7 49. Qc6+ Kg7 50. Be6 Qe7 51. Qxc4 c2 52. Bf5 Ra4 53.
Qxc2 Rxb4 54. Qc6 Rb6 55. Qd5 Qd6 56. Qa5 a6 57. Qa2 Rb7 58. Qe2 Qh6 {
(No more moves recorded due to time pressure - White eventually resigned after
losing his queen).} 0-1

[Event "Mechanics' Bedjanian TNM; G/2 d/5"]
[Site "San Francisco"]
[Date "2018.10.30"]
[Round "2.9"]
[White "Mays, Jerry L"]
[Black "Boldi, Ethan"]
[Result "0-1"]
[WhiteElo "1700"]
[BlackElo "2084"]
[PlyCount "54"]
[EventDate "2018.??.??"]
[Source "ChessBase"]
[SourceDate "2007.09.04"]

1. e4 e6 2. d4 d5 3. Nd2 Nf6 4. e5 Nfd7 5. Bd3 c5 6. c3 Nc6 7. Ne2 a6 8. O-O b5
9. a3 Bb7 10. b4 c4 11. Bb1 a5 12. Bb2 axb4 13. axb4 Rxa1 14. Bxa1 Nxb4 15.
cxb4 Bxb4 16. Qc2 Be7 17. f4 g6 18. Ng3 Qa5 19. Bb2 b4 20. f5 c3 21. fxe6 fxe6
22. Nb3 Qa7 23. Bc1 Ba6 24. Re1 Bc4 25. Be3 Qa4 26. Ba2 O-O 27. Bh6 Ra8 0-1

[Event "Mechanics' Shipman TNM; G/2 d/5"]
[Site "San Francisco"]
[Date "2018.09.11"]
[Round "6.22"]
[White "Mays, Jerry L"]
[Black "Carron, Joel"]
[Result "1-0"]
[WhiteElo "1725"]
[BlackElo "1449"]
[Annotator "Winslow,Elliott"]
[PlyCount "39"]
[EventDate "2018.??.??"]
[Source "ChessBase"]
[SourceDate "2007.09.04"]

1. e4 c5 2. Nf3 g6 3. d4 cxd4 4. Nxd4 Bg7 5. Nc3 Nc6 6. Be3 Nf6 7. Be2 O-O 8.
Qd2 d5 9. O-O-O Nxe4 10. Nxe4 dxe4 11. Kb1 Nxd4 12. Bxd4 b6 13. Qf4 Qd6 (13...
Bxd4 14. Qxe4 Qc7 $15) 14. Qxd6 exd6 15. Bxg7 Kxg7 16. Rxd6 Bb7 (16... Bf5) (
16... Be6) 17. Rhd1 f5 $4 18. Rd7+ Rf7 19. Rxf7+ Kxf7 20. Rd7+ 1-0

[Event "Mechanics' Bedjanian TNM; G/2 d/5"]
[Site "San Francisco"]
[Date "2018.11.27"]
[Round "6.23"]
[White "Mays, Jerry L"]
[Black "Carron, Joel"]
[Result "1-0"]
[WhiteElo "1700"]
[BlackElo "1456"]
[PlyCount "47"]
[EventDate "2018.??.??"]
[Source "ChessBase"]
[SourceDate "2007.09.04"]

1. e4 c5 2. Nf3 g6 3. d4 cxd4 4. Nxd4 Bg7 5. Nc3 Nc6 6. Be3 Nf6 7. Be2 O-O 8.
Qd2 d6 9. f3 Bd7 10. O-O-O a6 11. g4 Rc8 12. h4 h5 13. Rhg1 Ne5 14. gxh5 Nxh5
15. f4 Nc4 16. Bxc4 Rxc4 17. f5 Kh7 18. Nf3 Bf6 19. fxg6+ fxg6 20. e5 Bc6 21.
Qd3 Rg8 22. Qxc4 Bxf3 23. Rdf1 d5 24. Qd4 1-0

[Event "Mechanics' Summer TNM; G/2 d/5"]
[Site "San Francisco"]
[Date "2018.06.05"]
[Round "2.33"]
[White "Mays, Jerry L"]
[Black "Cunningham, Charles"]
[Result "1-0"]
[WhiteElo "1700"]
[BlackElo "1403"]
[PlyCount "73"]
[EventDate "2018.??.??"]
[Source "ChessBase"]
[SourceDate "2007.09.04"]

1. e4 e5 2. Nf3 Nc6 3. Bb5 Qf6 4. Nc3 a6 5. Ba4 Bc5 6. O-O Nge7 7. d3 h6 8. a3
b5 9. Bb3 Nd4 10. Nxd4 Bxd4 11. Be3 Bxc3 12. bxc3 O-O 13. f4 d6 14. fxe5 Qxe5
15. Bd4 Qg5 16. Qf3 Be6 17. Be3 Qg6 18. Rf2 c6 19. Raf1 Bxb3 20. cxb3 Qe6 21.
c4 bxc4 22. bxc4 Rab8 23. Qg3 Rb3 24. Rf6 Qe5 25. Rxd6 Qxg3 26. hxg3 Rxa3 27.
Bc5 Ra5 28. d4 Re8 29. Rd7 Rxc5 30. dxc5 f6 31. Ra1 Ng6 32. Rxa6 Rxe4 33. Raa7
Kf8 34. Rf7+ Ke8 35. Rxg7 Re7 36. Ra8+ Kd7 37. Rxg6 1-0

[Event "Mechanics' Spring TNM; G/2 d5"]
[Site "San Francisco"]
[Date "2018.04.10"]
[Round "4.16"]
[White "Mays, Jerry L"]
[Black "Elisman, Maxim Gre"]
[Result "0-1"]
[WhiteElo "1700"]
[BlackElo "1986"]
[Annotator "Donaldson"]
[PlyCount "76"]
[EventDate "2018.??.??"]
[Source "ChessBase"]
[SourceDate "2007.09.04"]

1. e4 e6 2. d4 d5 3. Nd2 Nf6 4. e5 Nfd7 5. Bd3 c5 6. c3 Nc6 7. Ne2 cxd4 8. cxd4
f6 9. exf6 Nxf6 10. O-O Bd6 11. Nf3 O-O 12. Ng3 (12. Nc3) 12... Bd7 13. a3 Qc7
14. b4 a6 15. Bd2 e5 16. dxe5 Nxe5 17. Nxe5 Bxe5 18. Rc1 Qd6 19. Qb3 Kh8 20. b5
axb5 $6 (20... Qb6) 21. Bb4 Qa6 22. Bxf8 Rxf8 23. Rb1 Rb8 24. Bxb5 Bxb5 25.
Qxb5 Qxa3 26. Qb4 (26. Qb6) (26. Nf5) 26... Qxb4 27. Rxb4 Bd6 28. Rb3 (28. Rb5)
28... b5 29. Nf5 (29. Rc1) 29... Bc5 30. Rd1 b4 31. Rc1 $6 (31. Ne3 d4 32. Nc2)
31... Ne4 32. Ne3 d4 33. Nd1 Re8 34. Rd3 Nc3 35. Kf1 Rb8 36. Nb2 Kg8 37. Nc4 b3
38. Ne5 $4 (38. Rd2 $11) 38... b2 0-1

[Event "Mechanics' Summer TNM; G/2 d/5"]
[Site "San Francisco"]
[Date "2018.06.19"]
[Round "4.21"]
[White "Mays, Jerry L"]
[Black "Ivanov, Aleksandr"]
[Result "0-1"]
[WhiteElo "1700"]
[BlackElo "2193"]
[PlyCount "55"]
[EventDate "2018.??.??"]
[Source "ChessBase"]
[SourceDate "2007.09.04"]

1. e4 e6 2. d4 d5 3. Nd2 Nc6 4. c3 e5 5. exd5 Qxd5 6. Qf3 Nf6 7. Bc4 Qxf3 8.
Ngxf3 exd4 9. Nxd4 Nxd4 10. cxd4 Bd6 11. O-O O-O 12. Nf3 Bf5 13. Re1 h6 14. Be3
a6 15. h3 Rad8 16. Nh4 Be4 17. f3 Bh7 18. Rad1 Bg3 19. Bf2 Bxf2+ 20. Kxf2 g5
21. g4 gxh4 22. Re7 b5 23. Bb3 c5 24. g5 hxg5 25. Rg1 c4 26. Rxg5+ Kh8 27. Bd1
Rxd4 28. Ke3 0-1

[Event "Mechanics' Spring TNM; G/2 d5"]
[Site "San Francisco"]
[Date "2018.05.08"]
[Round "8.20"]
[White "Mays, Jerry L"]
[Black "Perlov, Alexander"]
[Result "0-1"]
[WhiteElo "1700"]
[BlackElo "1474"]
[PlyCount "62"]
[EventDate "2018.??.??"]
[Source "ChessBase"]
[SourceDate "2007.09.04"]

1. e4 d5 2. exd5 Qxd5 3. Nc3 Qd6 4. d4 Nf6 5. Nf3 c6 6. h3 Bf5 7. Be3 e6 8. g4
Bg6 9. a3 Be7 10. Ne5 Nbd7 11. Nc4 Qc7 12. Qf3 Bxc2 13. Bf4 Qd8 14. Rc1 Bb3 15.
Nd6+ Bxd6 16. Bxd6 Qb6 17. Nb5 cxb5 18. Bc7 Qxd4 19. Qxb3 Qe4+ 20. Qe3 Qxh1 21.
Bd6 Qe4 22. Bxb5 Qxe3+ 23. fxe3 a6 24. Ba4 b5 25. Bd1 Ne4 26. Bf3 f5 27. g5 Kf7
28. Rc7 Rhd8 29. Be5 Rac8 30. h4 Rxc7 31. Bxc7 Rc8 0-1

[Event "Mechanics' Winter TNM; G/2 d5"]
[Site "San Francisco"]
[Date "2018.01.16"]
[Round "2.9"]
[White "Mays, Jerry L"]
[Black "Traub, Igor"]
[Result "0-1"]
[WhiteElo "1700"]
[BlackElo "2166"]
[Annotator "Donaldson"]
[PlyCount "50"]
[EventDate "2018.??.??"]
[Source "ChessBase"]
[SourceDate "2007.09.04"]

1. e4 d5 2. exd5 Nf6 3. Nf3 Nxd5 4. d4 g6 5. c4 Nb6 6. Be2 Bg7 7. O-O O-O 8.
Nc3 Nc6 9. c5 (9. d5 $1 Ne5 (9... Na5 10. c5 Bxc3 11. cxb6 Bg7 12. Bf4 axb6 13.
b4 Bxa1 14. Qxa1 Qxd5 15. Bh6 f6 16. bxa5 (16. Bxf8 Nc6 17. Bh6 Rxa2 18. Qd1))
10. Nxe5 Bxe5 11. Bh6) 9... Nd5 10. Bc4 Nxc3 11. bxc3 e5 12. d5 Na5 13. Bb3 e4
14. Nd4 Nxb3 15. Qxb3 Qh4 16. f4 (16. Be3) 16... exf3 17. Nxf3 Qe7 18. Qc4 b6
19. c6 a5 20. Re1 Ba6 21. Bg5 $4 (21. Rxe7 Bxc4 22. Bf4 Bxd5 23. Nd4 Bxd4+ 24.
cxd4 Bxc6 25. Rxc7 Rac8 26. Rc1 Rxc7 27. Bxc7 Bd5 28. Bxb6 Bxa2 29. Bxa5 $11)
21... Qxe1+ 22. Rxe1 Bxc4 23. d6 cxd6 24. Be7 Rfe8 25. Nd4 Ra7 0-1

[Event "Mechanics' Winter TNM; G/2 d5"]
[Site "San Francisco"]
[Date "2018.01.30"]
[Round "4.34"]
[White "Mays, Jerry L"]
[Black "Wingenroth, Jordan"]
[Result "0-1"]
[WhiteElo "1700"]
[BlackElo "1400"]
[Annotator "Donaldson"]
[PlyCount "101"]
[EventDate "2018.??.??"]
[Source "ChessBase"]
[SourceDate "2007.09.04"]

1. e4 e5 2. Nf3 Nc6 3. Bb5 d6 4. d4 Bd7 5. d5 Nce7 6. Bxd7+ Qxd7 7. O-O h6 8.
c4 Nf6 9. Nc3 c5 10. Re1 Ng6 11. Qa4 Qxa4 12. Nxa4 Be7 13. Nc3 a6 14. a3 O-O
15. Bd2 Bd8 16. Rab1 Ba5 17. b4 cxb4 18. axb4 Bc7 19. c5 Rab8 20. Na4 b6 21.
Be3 bxc5 22. bxc5 Nxe4 23. Rxb8 Rxb8 24. cxd6 Nxd6 25. g3 f6 26. Nc5 Ra8 27.
Ne6 Bd8 28. Ra1 Ne7 29. Nxd8 Rxd8 30. Rxa6 Nxd5 31. Bc5 Ne4 32. Ba3 Nc7 33. Rc6
Nb5 34. Be7 Rd1+ 35. Kg2 Nd4 36. Rc8+ Kh7 37. Nxd4 exd4 38. Kf3 Nc3 39. Rd8
Rd3+ 40. Kg2 Nb5 41. Rd5 Rb3 42. Bc5 d3 43. Be3 Na3 44. Rd7 Kg6 45. Bc5 Nb1 46.
Bf8 d2 47. Rxg7+ Kf5 48. g4+ Ke4 {Diagram [#]} 49. Re7+ $2 (49. Rd7 Rd3 50. f3+
Ke3 51. Bxh6+ Ke2 52. Rxd3 Kxd3 53. Bxd2 Nxd2 54. h4 $11) 49... Kd3 50. Rd7+
Kc2 51. Bxh6 0-1

[Event "Mechanics' Shipman TNM; G/2 d/5"]
[Site "San Francisco"]
[Date "2018.08.28"]
[Round "4.23"]
[White "Mays, Jerry L"]
[Black "Yamamoto, Craig"]
[Result "1-0"]
[WhiteElo "1725"]
[BlackElo "1500"]
[PlyCount "55"]
[EventDate "2018.??.??"]
[Source "ChessBase"]
[SourceDate "2007.09.04"]

1. e4 e5 2. Nf3 Nc6 3. Bb5 a6 4. Ba4 b5 5. Bb3 Nf6 6. Ng5 d5 7. exd5 Nd4 8. c4
Nxb3 9. axb3 bxc4 10. bxc4 Bd7 11. d4 Bb4+ 12. Nc3 exd4 13. Qxd4 Qe7+ 14. Qe3
O-O 15. Qxe7 Bxe7 16. O-O Bf5 17. Bf4 Bd6 18. Bxd6 cxd6 19. Rfe1 Rfe8 20. f3
Rxe1+ 21. Rxe1 h6 22. Nge4 Ne8 23. Ra1 Kf8 24. Kf2 Ke7 25. Nb5 Kd7 26. c5 dxc5
27. Nxc5+ Kc8 28. Nd4 1-0

[Event "Mechanics' Spring TNM; G/2 d5"]
[Site "San Francisco"]
[Date "2018.04.24"]
[Round "6.32"]
[White "Mays, Jerry L"]
[Black "Yamamoto, Craig"]
[Result "1-0"]
[WhiteElo "1700"]
[BlackElo "1502"]
[PlyCount "39"]
[EventDate "2018.??.??"]
[Source "ChessBase"]
[SourceDate "2007.09.04"]

1. e4 d6 2. g3 e5 3. Bg2 c6 4. Ne2 Be7 5. O-O Bf6 6. c3 Ne7 7. d4 Nd7 8. Nd2
O-O 9. f4 g6 10. Kh1 Bg7 11. Nc4 Qc7 12. fxe5 dxe5 13. Bg5 f6 14. Qb3 Kh8 (
14... fxg5 15. Nxe5+ Kh8 16. Rxf8+ Nxf8 17. Nf7+ Kg8 18. Nxg5+ Kh8 19. Nf7+ Kg8
20. Nf4 $16) 15. Be3 Nb6 16. dxe5 fxe5 $2 (16... Nxc4 17. Qxc4 Qxe5) 17. Rxf8+
Bxf8 {Diagram [#]} 18. Nxe5 $1 c5 19. Bf4 g5 20. Nf7+ 1-0

[Event "Mechanics' Summer TNM; G/2 d5"]
[Site "San Francisco"]
[Date "2018.07.10"]
[Round "7.17"]
[White "Mays, Jerry L"]
[Black "Yanofsky, Kevin"]
[Result "1/2-1/2"]
[WhiteElo "1700"]
[BlackElo "1859"]
[PlyCount "112"]
[EventDate "2018.??.??"]
[Source "ChessBase"]
[SourceDate "2007.09.04"]

1. e4 c5 2. Nf3 g6 3. d4 cxd4 4. Nxd4 Bg7 5. Be3 Nc6 6. Nc3 Nf6 7. Be2 d6 8. f3
O-O 9. Qd2 d5 10. O-O-O Qa5 11. Kb1 Nxd4 12. Bxd4 dxe4 13. Nxe4 Qxd2 14. Nxf6+
Bxf6 15. Rxd2 Rd8 16. Be3 Rxd2 17. Bxd2 Bf5 18. g4 Be6 19. h4 Rd8 20. Be3 b6
21. g5 Be5 22. f4 Bb8 23. h5 gxh5 24. Bxh5 Bf5 25. Rd1 Rxd1+ 26. Bxd1 Kg7 27.
Bh5 f6 28. Kc1 fxg5 29. fxg5 Bg3 30. Kd2 e5 31. c3 Bg6 32. Bg4 Bb1 33. a4 Kg6
34. a5 Bf4 35. axb6 Bxe3+ 36. Kxe3 axb6 37. Be2 Kxg5 38. b4 Bf5 39. c4 Be6 40.
Ke4 Kf6 41. c5 bxc5 42. bxc5 Bf5+ 43. Kd5 e4 44. Kd6 Kg5 45. Ke5 e3 46. c6 h5
47. Kd4 h4 48. Kxe3 h3 49. Bf3 Kf6 50. Kf4 Bc8 51. Bd5 Ke7 52. Ke5 h2 53. Bh1
Bg4 54. Kf4 Bc8 55. Kg3 Kd6 56. Kxh2 Bd7 1/2-1/2

[Event "Mechanics' Winter TNM; G/2 d5"]
[Site "San Francisco"]
[Date "2018.02.06"]
[Round "5.38"]
[White "McCarty-Snead, Callaghan"]
[Black "Ross, Max"]
[Result "1/2-1/2"]
[WhiteElo "1704"]
[BlackElo "1452"]
[PlyCount "69"]
[EventDate "2018.??.??"]
[Source "ChessBase"]
[SourceDate "2007.09.04"]

1. e4 g6 2. d4 Bg7 3. Nf3 d6 4. c3 c6 5. Bd3 Nd7 6. Bg5 Ngf6 7. Nbd2 e5 8. O-O
O-O 9. Re1 Qc7 10. Bh4 b6 11. Bg3 Nh5 12. Qc2 Nxg3 13. hxg3 Bb7 14. dxe5 dxe5
15. Bc4 b5 16. Bb3 Nc5 17. c4 Nxb3 18. axb3 a6 19. cxb5 axb5 20. Rxa8 Bxa8 21.
b4 Rd8 22. Nb3 Bf8 23. Qc3 Bg7 24. Nc5 h6 25. Nd3 f6 26. Rd1 c5 27. bxc5 Bxe4
28. Rd2 Rxd3 29. Rxd3 Bxd3 30. Qxd3 Qxc5 31. Qxg6 Qc1+ 32. Kh2 Qxb2 33. Qd3 b4
34. Qd8+ Kh7 35. Qd3+ 1/2-1/2

[Event "Mechanics' Winter TNM; G/2 d5"]
[Site "San Francisco"]
[Date "2018.02.20"]
[Round "7.53"]
[White "McCarty-Snead, Fianna"]
[Black "Otterbach, Renate"]
[Result "1/2-1/2"]
[WhiteElo "918"]
[BlackElo "1166"]
[Annotator "Donaldson"]
[PlyCount "88"]
[EventDate "2018.??.??"]
[Source "ChessBase"]
[SourceDate "2007.09.04"]

1. e4 e6 2. d4 d5 3. e5 c5 4. Nf3 Nc6 5. c3 Nge7 6. dxc5 Nf5 $6 (6... Ng6 {
recovers the pawn.}) 7. b4 d4 8. a3 (8. b5 $1) 8... dxc3 9. Qxd8+ Kxd8 10. Nxc3
Ncd4 11. Nxd4 Nxd4 12. Ra2 Bd7 13. Bg5+ Be7 14. Bxe7+ Kxe7 15. Bc4 (15. Rd2 $16
) 15... Rad8 (15... a5 $1) 16. Rd2 Nf5 17. Bb5 Bxb5 18. Rxd8 Rxd8 19. Nxb5 a6 (
19... f6) 20. Nd6 f6 21. Nxf5+ (21. Nxb7) 21... exf5 22. exf6+ Kxf6 23. O-O $2
(23. Ke2 $1) 23... Rd3 $1 24. Ra1 Ke5 25. Kf1 Kd5 26. Ke2 Rd4 (26... Kd4) 27.
Rb1 g5 28. Rb3 Kc4 29. Rh3 Rh4 $1 (29... Rd7) 30. Rxh4+ (30. Rf3) 30... gxh4
31. Ke3 Kb3 32. Kf4 Kxa3 33. Kxf5 Kxb4 34. f4 a5 35. Ke6 a4 36. f5 a3 37. f6 a2
38. f7 a1=Q 39. f8=Q Qe1+ 40. Kd7 Qd1+ 41. Kc7 Kb5 42. Qd6 Qg4 43. Qb6+ Kc4 44.
Kxb7 Qd7+ 1/2-1/2

[Event "Mechanics' Winter TNM; G/2 d5"]
[Site "San Francisco"]
[Date "2018.02.06"]
[Round "5.56"]
[White "McCarty-Snead, Fianna"]
[Black "Stearman, Micah"]
[Result "0-1"]
[WhiteElo "918"]
[BlackElo "1088"]
[PlyCount "44"]
[EventDate "2018.??.??"]
[Source "ChessBase"]
[SourceDate "2007.09.04"]

1. e4 e5 2. Nf3 Nc6 3. c3 Nf6 4. d3 b6 5. Be3 Bb7 6. Nbd2 Be7 7. d4 d6 8. Bb5
Nd7 9. O-O O-O 10. d5 Ncb8 11. b4 c6 12. dxc6 Nxc6 13. Nb3 a6 14. Bd3 Na7 15.
a4 Nf6 16. b5 axb5 17. axb5 Nxe4 18. Bxe4 Bxe4 19. c4 Bb7 20. Nfd2 d5 21. Qg4
d4 22. Rfe1 Kh8 0-1

[Event "Mechanics' Winter TNM; G/2 d5"]
[Site "San Francisco"]
[Date "2018.02.06"]
[Round "5.49"]
[White "McCarty-Snead, Tallulah"]
[Black "Chen, Bryant Alan"]
[Result "0-1"]
[WhiteElo "1021"]
[BlackElo "1523"]
[PlyCount "44"]
[EventDate "2018.??.??"]
[Source "ChessBase"]
[SourceDate "2007.09.04"]

1. e4 e5 2. Nf3 Nc6 3. Bc4 Bc5 4. d3 Nf6 5. Bg5 h6 6. Bxf6 Qxf6 7. Nc3 Ne7 8.
a3 a6 9. O-O d6 10. h3 c6 11. a4 a5 12. Qd2 Bxh3 13. gxh3 Qxf3 14. Kh2 g5 15.
Qe2 Qf4+ 16. Kg1 Qg3+ 17. Kh1 Qxh3+ 18. Kg1 g4 19. d4 Bxd4 20. Qd3 g3 21. Qxg3
Qxg3+ 22. Kh1 Qh3+ 0-1